000 00660nam a22002177a 4500
003 UA-OsUOA
001 67305
007 ta
008 20100220b un ||||| |||| 00| 0 ukr d
100 _aСізова К.
090 _a82
_bС41
942 _cSA
040 _aUA-OsUOA
_bukr
_cUA-OsUOA
_dUA-OsUOA
245 _aМодерне переосмислення фольклорних традицій портретування у новелістиці Василя Стефаника
300 _aС.52-55
955 _a0
041 _aukr
080 _a82
773 0 _w67300
650 7 _a82 Література. Літературознавство
_2UDC
999 _c353345
_d353345